<?xml version="1.0" encoding="UTF-8"?><?xml-stylesheet type="text/xsl" href="static/style.xsl"?><OAI-PMH xmlns="http://www.openarchives.org/OAI/2.0/" xmlns:xsi="http://www.w3.org/2001/XMLSchema-instance" xsi:schemaLocation="http://www.openarchives.org/OAI/2.0/ http://www.openarchives.org/OAI/2.0/OAI-PMH.xsd"><responseDate>2026-04-27T22:02:59Z</responseDate><request verb="GetRecord" identifier="oai:uvadoc.uva.es:10324/84227" metadataPrefix="marc">https://uvadoc.uva.es/oai/request</request><GetRecord><record><header><identifier>oai:uvadoc.uva.es:10324/84227</identifier><datestamp>2026-04-21T19:21:53Z</datestamp><setSpec>com_10324_35294</setSpec><setSpec>com_10324_952</setSpec><setSpec>com_10324_894</setSpec><setSpec>col_10324_35295</setSpec></header><metadata><record xmlns="http://www.loc.gov/MARC21/slim" xmlns:doc="http://www.lyncode.com/xoai" xmlns:xsi="http://www.w3.org/2001/XMLSchema-instance" xmlns:dcterms="http://purl.org/dc/terms/" xsi:schemaLocation="http://www.loc.gov/MARC21/slim http://www.loc.gov/standards/marcxml/schema/MARC21slim.xsd">
<leader>00925njm 22002777a 4500</leader>
<datafield tag="042" ind1=" " ind2=" ">
<subfield code="a">dc</subfield>
</datafield>
<datafield tag="720" ind1=" " ind2=" ">
<subfield code="a">Torres Franco, Andrés Felipe</subfield>
<subfield code="e">author</subfield>
</datafield>
<datafield tag="720" ind1=" " ind2=" ">
<subfield code="a">Rodríguez Rodríguez, Elisa</subfield>
<subfield code="e">author</subfield>
</datafield>
<datafield tag="720" ind1=" " ind2=" ">
<subfield code="a">Carita Gonçalves, José Manuel</subfield>
<subfield code="e">author</subfield>
</datafield>
<datafield tag="720" ind1=" " ind2=" ">
<subfield code="a">González, María José</subfield>
<subfield code="e">author</subfield>
</datafield>
<datafield tag="720" ind1=" " ind2=" ">
<subfield code="a">Muñoz Torre, Raúl</subfield>
<subfield code="e">author</subfield>
</datafield>
<datafield tag="720" ind1=" " ind2=" ">
<subfield code="a">García Encina, Pedro Antonio</subfield>
<subfield code="e">author</subfield>
</datafield>
<datafield tag="720" ind1=" " ind2=" ">
<subfield code="a">Díaz Villalobos, Israel</subfield>
<subfield code="e">author</subfield>
</datafield>
<datafield tag="260" ind1=" " ind2=" ">
<subfield code="c">2026</subfield>
</datafield>
<datafield tag="520" ind1=" " ind2=" ">
<subfield code="a">Wastewater Treatment Plants (WWTPs) based on activated sludge (AS) processes have demonstrated moderate capacity to remove viruses from wastewater. However, few studies have systematically assessed viruses along water and sludge treatment lines and their associations with Antibiotic-Resistant Genes (ARGs). In this work, the fate, distribution and possible interactions of RNA from SARS-CoV-2 and coliphage MS2 with ARGs in a full-scale AS WWTP were investigated. Total reductions of SARS-CoV-2 and MS2 RNA (2.5 and 2.4 log10 units, respectively) were achieved mainly in the water treatment line. In contrast, lower total reductions (0.7–1.5 log10 units) of 16S rRNA, class 1 integron-integrase (intI1), sulfonamide-resistant dihydropteroate synthase (sul1) and tetracycline resistance protein (tetO) were mainly achieved during sludge treatment. In addition to the water treatment line, sludge stabilisation was a critical barrier to controlling viral RNA and ARGs in the outflows. Amplification of intI1 and sul1 seemed to occur in the AS reactors, potentially associated with bacteriophage presence in these units. Thus, the participation of bacteriophages in the amplification of ARGs in AS systems should not be ruled out. RNA viruses and ARGs should be more frequently determined in WWTPs to assess and prevent phage-mediated amplification of ARGs.</subfield>
</datafield>
<datafield tag="024" ind2=" " ind1="8">
<subfield code="a">Journal of Environmental Chemical Engineering, 2026, vol. 14, n. 3, p. 122703</subfield>
</datafield>
<datafield tag="024" ind2=" " ind1="8">
<subfield code="a">2213-3437</subfield>
</datafield>
<datafield tag="024" ind2=" " ind1="8">
<subfield code="a">https://uvadoc.uva.es/handle/10324/84227</subfield>
</datafield>
<datafield tag="024" ind2=" " ind1="8">
<subfield code="a">10.1016/j.jece.2026.122703</subfield>
</datafield>
<datafield tag="024" ind2=" " ind1="8">
<subfield code="a">122703</subfield>
</datafield>
<datafield tag="024" ind2=" " ind1="8">
<subfield code="a">3</subfield>
</datafield>
<datafield tag="024" ind2=" " ind1="8">
<subfield code="a">Journal of Environmental Chemical Engineering</subfield>
</datafield>
<datafield tag="024" ind2=" " ind1="8">
<subfield code="a">14</subfield>
</datafield>
<datafield tag="245" ind1="0" ind2="0">
<subfield code="a">Viral RNA and antibiotic resistance genes associations in a full-scale activated sludge wastewater treatment plant</subfield>
</datafield>
</record></metadata></record></GetRecord></OAI-PMH>